Las iluminaciones de La Meca (Record no. 185462)

MARC details
000 -LEADER
campo de control de longitud fija 00875nam a2200253 i 4500
001 - NÚMERO DE CONTROL
campo de control 185462
003 - IDENTIFICADOR DE NÚMERO DE CONTROL
campo de control SpMaBN
005 - FECHA Y HORA DE LA ÚLTIMA TRANSACCIÓN
campo de control 20250813060905.0
008 - DATOS DE LONGITUD FIJA--INFORMACIÓN GENERAL
campo de control de longitud fija 160607s1996 sp a |||| | spa d
020 ## - NÚMERO INTERNACIONAL ESTÁNDAR DEL LIBRO
Número Internacional Estándar del Libro 84-7844-309-6
080 ## - NÚMERO DE LA CLASIFICACIÓN DECIMAL UNIVERSAL
Número de la Clasificación Decimal Universal 297.14(02)"12"
100 1# - ENTRADA PRINCIPAL--NOMBRE DE PERSONA
Nombre de persona Ibn'Arabi, Muhyi l-Din.
9 (RLIN) 65003
245 14 - MENCIÓN DEL TÍTULO
Título Las iluminaciones de La Meca
Resto del título : textos escogidos /
Mención de responsabilidad, etc. Ibn 'Arabi ; edición y traducción de Victor Pallejà de Bustinza.
260 ## - PUBLICACIÓN, DISTRIBUCIÓN, ETC.
Lugar de publicación, distribución, etc. Madrid :
Nombre del editor, distribuidor, etc. Siruela,
Fecha de publicación, distribución, etc. [1996]
300 ## - DESCRIPCIÓN FÍSICA
Extensión 110 p. ;
Dimensiones 22 cm.
490 1# - MENCIÓN DE SERIE
Mención de serie El árbol del paraíso ;
Designación de volumen o secuencia 5
500 ## - NOTA GENERAL
Nota general Glosario.
504 ## - NOTA DE BIBLIOGRAFÍA, ETC.
Nota de bibliografía, etc. Bibliografía: p. 107-110.
650 #7 - PUNTO DE ACCESO ADICIONAL DE MATERIA--TÉRMINO DE MATERIA
Término de materia o nombre geográfico como elemento de entrada Sufismo-
Subdivisión general Obras anteriores a 1800.
9 (RLIN) 140144
700 1# - ENTRADA AGREGADA--NOMBRE PERSONAL
Nombre de persona Pallejà de Bustinza, Victor.
9 (RLIN) 159798
830 03 - PUNTO DE ACCESO ADICIONAL DE SERIE-TÍTULO UNIFORME
Título uniforme El árbol del paraíso
Designación de volumen o secuencia 5
9 (RLIN) 179942
852 ## - LOCALIZACIÓN
Ubicación ES-MaACL
Número de control de estantería L-30351
Nota libre . - Donat. Miguel A. Velasco
Holdings
Estatus retirado Estado de pérdida Estado de daño No para préstamo Biblioteca de origen Biblioteca actual Ubicación en estantería Fecha de adquisición Fuente de adquisición Total de préstamos Signatura topográfica completa Código de barras Visto por última vez Precio de reemplazo Tipo de ítem Koha
        Biblioteca del Ateneo de Madrid Biblioteca del Ateneo de Madrid Depósito 2 07/06/2016     L-30351 1195400 23/02/2023 23/02/2023 Libro impreso